000 01114nam a22002537a 4500
005 20170124102936.0
010 _aA-920840
020 _c275.00
_a8121406889
035 _aA-920840
037 _bCen Lib/Ret
040 _aDPL
_bHN
082 _a827
_bव्यास
100 _aव्यास, गोपालप्रसाद
_9130
245 _aव्यास के हास-परिहास /
_cगोपालप्रसाद व्यास
246 _aVyas ke haas-prihaas /
_bby Gopalprasad Vyas
260 _aनई दिल्ली
_bनेशनल पब्लिशिंग हाउस
_c1998
270 _bनई दिल्ली
_a2/35, अंसारी रोड, दरियागंज
_e110002
300 _a327पृ.
_c20सेमी(सजिल्द)
650 _aहिन्दी साहित्य
_946790
650 _aहिन्दी साहित्य -- कहानियां
_946791
650 _aHindi literature
_946792
650 _aHindi literature -- Stories
_946793
942 _2ddc
_cHN
_h827
_mव्यास
999 _c112303
_d112303